| 000 | 00360nam a22001577a 4500 | ||
|---|---|---|---|
| 003 | SGT | ||
| 020 | _a978-93-86691-85-9 | ||
| 082 |
_a618.92 _bC17E |
||
| 100 | _aEICHENWALD,ERIC.C. | ||
| 245 | _aCLOHERTY AND STARK'S MANUAL OF NEONATAL CARE | ||
| 250 | _a8TH | ||
| 260 |
_aNEW YORK _bWOLTERS _c2017 |
||
| 300 | _a1069 | ||
| 650 | _aAYURVEDA | ||
| 942 |
_2ddc _cBK |
||
| 999 |
_c14914 _d14914 |
||